[Event "Gorzow Wielkopolski Lasker Memor-B 2nd"]
[Site "Gorzow Wielkopolski"]
[Date "2018.07.06"]
[Round "6.12"]
[White "Krzyszewski, Dawid"]
[Black "Bola, Zygmunt"]
[Result "0-1"]
[WhiteElo "1356"]
[BlackElo "1703"]
[PlyCount "76"]
[EventDate "2018.07.02"]
[EventType "swiss"]
[EventRounds "7"]
[EventCountry "POL"]
[SourceTitle "EXT 2023"]
[Source "ChessBase"]
[SourceDate "2022.10.05"]
[SourceVersion "1"]
[SourceVersionDate "2022.10.05"]
[SourceQuality "1"]

1. e4 d5 2. exd5 Qxd5 3. Nc3 Qe5+ 4. Qe2 Qxe2+ 5. Ngxe2 c6 6. d4 Nf6 7. Bf4 Bf5 8. 0-0-0 e6 9. g3 Nbd7 10. Bg2 h6 11. Rhe1 Bb4 12. a3 Ba5 13. h4 0-0-0 14. b4 Bc7 15. Bxc7 Kxc7 16. b5 Nb6 17. a4 Ng4 18. Rf1 Nc4 19. f3 Nge3 20. Rg1 Nxd1 21. Rxd1 Ne3 22. Rg1 Nxc2 23. g4 Bh7 24. bxc6 bxc6 25. Ne4 Bxe4 26. fxe4 Nxd4 27. Nxd4 Rxd4 28. a5 Rb8 29. Rf1 f6 30. Rf2 Rb5 31. a6 Ra4 32. Bf1 Ra1+ 33. Kd2 Rb2+ 34. Ke3 Ra3+ 35. Kd4 Rxf2 36. Bc4 Kd6 37. e5+ fxe5+ 38. Ke4 Rf4# 0-1